Catalysing water governance: Empowering communities for sustainable water management (Record no. 529883)

000 -LEADER
fixed length control field 01746nam a22001457a 4500
008 - FIXED-LENGTH DATA ELEMENTS--GENERAL INFORMATION
fixed length control field 250513b ||||| |||| 00| 0 eng d
100 ## - MAIN ENTRY--PERSONAL NAME
Personal name Madhav, M. Venu
245 ## - TITLE STATEMENT
Title Catalysing water governance: Empowering communities for sustainable water management
260 ## - PUBLICATION, DISTRIBUTION, ETC. (IMPRINT)
Place of publication, distribution, etc Indian Journal of Public Administration
300 ## - PHYSICAL DESCRIPTION
Extent 71(1), Mar, 2025: p.119-136
520 ## - SUMMARY, ETC.
Summary, etc Securing access to safe drinking water remains a critical challenge, particularly in rural regions. Community participation offers a promising approach to water governance, but its effectiveness varies by context. This article explores the role of community engagement in eight villages from the Jagtial and Jogulamba Gadwal districts, Telangana, India. Based on a field survey of 403 households, members of Panchayats (local governments), government officials and community-based organisations (CBOs), the study analyses various forms of participation, including direct involvement in village and ward council meetings and indirect involvement through CBOs and non-governmental organisations. It assesses the impact of community participation on access to clean water, water provider accountability and water source sustainability. The research argues that community engagement is vital for effective water governance at the grassroots level. However, success hinges on adequate capacity building, resource allocation and sustained support from local authorities and other stakeholders.- Reproduced

https://journals.sagepub.com/doi/full/10.1177/00195561241309140
650 ## - SUBJECT ADDED ENTRY--TOPICAL TERM
Topical term or geographic name as entry element Drinking water, Community participation, Sustainability, Water governance, Community-based organisations.
9 (RLIN) 53015
773 ## - HOST ITEM ENTRY
Main entry heading Indian Journal of Public Administration
942 ## - ADDED ENTRY ELEMENTS (KOHA)
Item type Articles
Holdings
Withdrawn status Lost status Source of classification or shelving scheme Damaged status Not for loan Permanent location Current location Date acquired Serial Enumeration / chronology Barcode Date last seen Koha item type
          Indian Institute of Public Administration Indian Institute of Public Administration 2025-05-13 71(1), Mar, 2025: p.119-136 AR135714 2025-05-13 Articles

Powered by Koha